<?xml version="1.0" encoding="UTF-8"?>
<collection xmlns="http://www.loc.gov/MARC21/slim">
 <record>
  <leader>     na                 </leader>
  <controlfield tag="001">INLIS000000000023436</controlfield>
  <controlfield tag="005">20251111110211</controlfield>
  <datafield tag="035" ind1=" " ind2=" ">
   <subfield code="a">0010-1125000069</subfield>
  </datafield>
  <controlfield tag="007">ta</controlfield>
  <controlfield tag="008">251111                g          0 ind  </controlfield>
  <datafield tag="020" ind1=" " ind2=" ">
   <subfield code="a">978-979-29-6680-0</subfield>
  </datafield>
  <datafield tag="082" ind1=" " ind2=" ">
   <subfield code="a">615.3</subfield>
  </datafield>
  <datafield tag="084" ind1=" " ind2=" ">
   <subfield code="a">615.3 KET s</subfield>
  </datafield>
  <datafield tag="100" ind1="0" ind2=" ">
   <subfield code="a">Ketty Husnia Wardany</subfield>
   <subfield code="e">Pengarang</subfield>
  </datafield>
  <datafield tag="245" ind1="1" ind2=" ">
   <subfield code="a">Si Oranye Kaya Nutrisi :</subfield>
   <subfield code="b">Seri Apotek Dapur Raja Obat Alami Wortel</subfield>
  </datafield>
  <datafield tag="250" ind1=" " ind2=" ">
   <subfield code="a">I</subfield>
  </datafield>
  <datafield tag="300" ind1=" " ind2=" ">
   <subfield code="a">xvi + 128 halaman :</subfield>
   <subfield code="b">Ilustrasi [Warna] ;</subfield>
   <subfield code="c">19 Cm</subfield>
  </datafield>
  <datafield tag="650" ind1=" " ind2="4">
   <subfield code="a">Wortel</subfield>
  </datafield>
  <datafield tag="650" ind1=" " ind2="4">
   <subfield code="a">Obat Organik</subfield>
  </datafield>
  <datafield tag="504" ind1=" " ind2=" ">
   <subfield code="a">halaman 105 - 121</subfield>
  </datafield>
  <datafield tag="520" ind1=" " ind2=" ">
   <subfield code="a">Wortel adalah tumbuhan biennial yang menyimpan karbohidrat dalam jumlah besar untuk tumbuhan tersebut berbunga pada tahun kedua.&#13;
&#13;
Batang bunga tumbuh setinggi sekitar 1 m, dengan bunga berwarna putih, dan rasa yang manis langu. Bagian yang dapat dimakan dari wortel adalah bagian umbi atau akarnya.&#13;
&#13;
Wortel dapat dimakan dengan berbagai cara. Pada wortel mentah hanya 3% ?-ririencha yang dilepaskan selama proses pencernaan, proses ini dapat ditingkatkan hingga 39% melalui pulping, memasaknya dan menambahkan minyak sawit.&#13;
&#13;
Bisa juga dengan cara dibuat jus wortel dan kandungan vitaminnya hampir sama dengan wortel yang dimakan begitu saja. Wortel bukanlah sayuran biasa. Bukan pula sekedar pelengkap hiasan hidangan.&#13;
&#13;
Wortel adalah satu jenis sayuran istimewa yang mengandung banyak manfaat bagi kesehatan tubuh kita. Sedikit demi sedikit, rahasia-rahasia inilah yang akan dikupas buku ini berdasarkan hasil penelitian dari beberapa ahli.&#13;
&#13;
Anda akan menemukan tidak hanya manfaat gizi wortel saja, tetapi juga cara terbaik dan tepat untuk mendapatkan nilai gizi dari wortel itu sendiri. Apakah dikunyah mentah, direbus biasa atau dibuat jus bersama jenis sayuran lain dengan warna berbeda.&#13;
&#13;
Tidak hanya terbatas untuk menjaga kesehatan mata saja, tetapi juga berkhasiat untuk memperbaiki hati, mencegah penyakit jantung, kanker, diabetes bahkan menjaga kadar kolesterol, serta masih banyak khasiat lainnya untuk kesehatan tubuh.&#13;
&#13;
Buku ini mengulas bagaimana cara mengkonsumsi wortel agar mendapatkan khasiat kesehatannya untuk berbagai penyakit.&#13;
&#13;
Selain itu, juga membahas bagaimana mengolah wortel sebagai bahan dasar perawatan kecantikan alami sekaligus pembuatan minyak wortel untuk merawat kulit Anda. Selamat mendapatkan manfaat lebih dari wortel.</subfield>
  </datafield>
  <datafield tag="264" ind1=" " ind2=" ">
   <subfield code="a">Yogyakarta :</subfield>
   <subfield code="b">Andi Offset,</subfield>
   <subfield code="c">2018</subfield>
  </datafield>
  <datafield tag="336" ind1=" " ind2=" ">
   <subfield code="2">rdacontent</subfield>
   <subfield code="a">Teks</subfield>
  </datafield>
  <datafield tag="337" ind1=" " ind2=" ">
   <subfield code="2">rdamedia</subfield>
   <subfield code="a">Tanpa Perantara</subfield>
  </datafield>
  <datafield tag="338" ind1=" " ind2=" ">
   <subfield code="2">rdacarrier</subfield>
   <subfield code="a">Lembar</subfield>
  </datafield>
  <datafield tag="990" ind1=" " ind2=" ">
   <subfield code="a">071398</subfield>
  </datafield>
  <datafield tag="990" ind1=" " ind2=" ">
   <subfield code="a">071396</subfield>
  </datafield>
  <datafield tag="990" ind1=" " ind2=" ">
   <subfield code="a">071397</subfield>
  </datafield>
 </record>
</collection>
